Tres ensayos sobre América Latina. (Registro nro. 1641)

000 -CABECERA
campo de control de longitud fija 01061cam a22002651i 4500
001 - NÚMERO DE CONTROL
campo de control 4594314
003 - IDENTIFICADOR DEL NÚMERO DE CONTROL
campo de control OSt
005 - FECHA Y HORA DE LA ÚLTIMA TRANSACCIÓN
campo de control 20210614133245.0
008 - DATOS DE LONGITUD FIJA--INFORMACIÓN GENERAL
campo de control de longitud fija 790925s1973 sp b 000 0 spa
040 ## - FUENTE DE LA CATALOGACIÓN
Centro/agencia transcriptor CAAAP
050 00 - SIGNATURA TOPOGRÁFICA DE LA BIBLIOTECA DEL CONGRESO
Número de clasificación H 35
Número de documento/Ítem .T
245 00 - MENCIÓN DE TÍTULO
Título Tres ensayos sobre América Latina.
260 ## - PUBLICACIÓN, DISTRIBUCIÓN, ETC.
Lugar de publicación, distribución, etc. Barcelona :
Nombre del editor, distribuidor, etc. Editorial Anagrama,
Fecha de publicación, distribución, etc. [1973?]
300 ## - DESCRIPCIÓN FÍSICA
Extensión 135 p. ;
Dimensiones 18 cm.
490 0# - MENCIÓN DE SERIE
Mención de serie Cuadernos Anagrama ; 63 : Serie Sociología y antropología
505 0# - NOTA DE CONTENIDO CON FORMATO
Nota de contenido con formato Stavenhagen, R. Siete tesis equivocadas sobre América Latina.--Laclau, E. Feudalismo y capitalismo en América Latina.--Mauro Marini, R. Dialéctica de la dependencia.
650 #0 - PUNTO DE ACCESO ADICIONAL DE MATERIA--TÉRMINO DE MATERIA
9 (RLIN) 253
Término de materia o nombre geográfico como elemento de entrada Condiciones Económicas
650 #0 - PUNTO DE ACCESO ADICIONAL DE MATERIA--TÉRMINO DE MATERIA
9 (RLIN) 616
Término de materia o nombre geográfico como elemento de entrada Comercio
650 #0 - PUNTO DE ACCESO ADICIONAL DE MATERIA--TÉRMINO DE MATERIA
9 (RLIN) 252
Término de materia o nombre geográfico como elemento de entrada Condiciones Sociales
651 #0 - PUNTO DE ACCESO ADICIONAL DE MATERIA--NOMBRE GEOGRÁFICO
Nombre geográfico América Latina
9 (RLIN) 73
700 12 - PUNTO DE ACCESO ADICIONAL--NOMBRE DE PERSONA
Nombre de persona Stavenhagen, Rodolfo.
Título de la obra Siete tesis equivocadas sobre América Latina.
9 (RLIN) 3315
700 12 - PUNTO DE ACCESO ADICIONAL--NOMBRE DE PERSONA
Nombre de persona Laclau, Ernesto,
Fechas asociadas al nombre 1935-2014.
Título de la obra Feudalismo y capitalismo en América Latina.
9 (RLIN) 3314
700 12 - PUNTO DE ACCESO ADICIONAL--NOMBRE DE PERSONA
Nombre de persona Marini, Ruy Mauro.
Título de la obra Dialéctica de la dependencia.
9 (RLIN) 3313
942 ## - ELEMENTOS DE PUNTO DE ACCESO ADICIONAL (KOHA)
Fuente del sistema de clasificación o colocación
Tipo de ítem Koha Libros
Existencias
Estado de retiro Estado de pérdida Fuente del sistema de clasificación o colocación Estado dañado No para préstamo Localización permanente Ubicación/localización actual Ubicación en estantería Fecha de adquisición Total de préstamos Signatura topográfica completa Fecha visto por última vez Precio válido a partir de Tipo de ítem Koha
          CENTRO DE DOCUMENTACIÓN (CENDOC) CENTRO DE DOCUMENTACIÓN (CENDOC)   06/14/2021   H 35 T 06/14/2021 06/14/2021 Libros
Centro de Documentación CAAAP | AV. Manuel González Prada 626, Magdalena del Mar | (51-1) 4615223 Anexo 205 y 209 | cendoc@caaap.org.pe